| 000 | 00497nam a22001817a 4500 | ||
|---|---|---|---|
| 003 | OSt | ||
| 005 | 20140310181719.0 | ||
| 008 | 130228t xxu||||| |||| 00| 0 eng d | ||
| 020 | _a0749429267 | ||
| 050 |
_aHF 5549 _b.M36 1999 |
||
| 245 |
_aManaging human resource services / _cconsultant editor, Jonathan Reuvid. |
||
| 260 |
_aLondon : _bKogan Page, _c1999. |
||
| 300 |
_a183 p. : _c24 cm. _bill. ; |
||
| 521 | _aBSBA | ||
| 650 | _aPersonnel management | ||
| 942 |
_2lcc _cBK _kFOR |
||
| 999 |
_c1911 _d1911 |
||